00957cam a2200265 i 4500001000700000003000400007005001700011008004100028010001700069020001500086040001800101050001600119082001200135100003500147245007300182260005700255300002600312504005100338650005900389650002200448906004500470942001200515999001700527952014700544801046OSt20141017123959.0760312s1976 mdu b 001 0 eng  a 75036935  a0801818257 aDLCcDLCdDLC00aPN81b.K71400a801/.951 aKrieger, Murray,d1923-93261910aTheory of criticism :ba tradition and its system /cMurray Krieger. aBaltimore :bJohns Hopkins University Press,cc1976. axiv, 250 p. ;c24 cm. aIncludes bibliographical references and index. 0aLiteraturexHistory and criticismxTheory, etc.932620 0aCriticism.932621 a7bcbccorignewd1eocipf19gy-gencatlg 2lcccBK c60544d60518 00102lcc40708GENaCPLbCPLcGENd2014-10-17eDonation - TBNg9.00l0oPN 81.K714 1976pR31036L3232r2019-09-26 00:00:00t1w2014-10-17yBK